Países com Casamento de Mesmo Sexo - Statistics

Estatísticas Gerais
  • Esse quiz foi jogado 11 920 vezes
    5 133 desde o último reset
  • A pontuação média é 25 de 38
Estatísticas das Respostas
Ano legalizado País % Correto
2013 Brasil
98%
2015 Estados Unidos
96%
2005 Canadá
91%
2010 Argentina
89%
2013 França
89%
2005 Espanha
88%
2010 Portugal
87%
2017 Alemanha
85%
2022 México
85%
2009 Suécia
80%
2020 Reino Unido
79%
2017 Austrália
78%
2022 Suíça
77%
2022 Chile
76%
2009 Noruega
76%
2016 Colômbia
73%
2017 Finlândia
73%
2001 Países Baixos
72%
2013 Uruguai
72%
2003 Bélgica
69%
2012 Dinamarca
69%
2013 Nova Zelândia
66%
2015 Irlanda
62%
2024 Grécia
61%
2006 África do Sul
59%
2019 Áustria
58%
2010 Islândia
57%
2019 Equador
49%
2015 Luxemburgo
49%
2025 Tailândia
47%
2022 Cuba
43%
2024 Estônia
40%
2023 Andorra
39%
2022 Eslovênia
38%
2025 Liechtenstein
32%
2017 Malta
31%
2020 Costa Rica
30%
2019 Taiwan
21%
Nenhum quiz correspondente encontrado
Distribuição das Pontuações
Porcentagem de Pessoas com Cada Pontuação
Percentil de Números Respondidos
Sua Pontuação Histórica
Você não jogou esse quiz desde o último reset